Among the free / (Record no. 9724)
[ view plain ]
| 000 -LEADER | |
|---|---|
| fixed length control field | 01523cam a22004338a 4500 |
| 003 - CONTROL NUMBER IDENTIFIER | |
| control field | OCoLC |
| 005 - DATE AND TIME OF LATEST TRANSACTION | |
| control field | 20241220105406.0 |
| 008 - FIXED-LENGTH DATA ELEMENTS--GENERAL INFORMATION | |
| fixed length control field | 050505s2006 nyu c 000 1 eng |
| 001 - CONTROL NUMBER | |
| control field | ocm60515368 |
| 010 ## - LIBRARY OF CONGRESS CONTROL NUMBER | |
| LC control number | 2005013025 |
| 020 ## - INTERNATIONAL STANDARD BOOK NUMBER | |
| International Standard Book Number | 0689857985 (isbn10) |
| 024 3# - OTHER STANDARD IDENTIFIER | |
| Standard number or code | 9780689857980 |
| 035 ## - SYSTEM CONTROL NUMBER | |
| System control number | (Sirsi) i9780689857980 |
| 040 ## - CATALOGING SOURCE | |
| Original cataloging agency | DLC |
| Transcribing agency | DLC |
| Modifying agency | BAKER |
| -- | VPL |
| -- | UINTA |
| 042 ## - AUTHENTICATION CODE | |
| Authentication code | lcac |
| 049 ## - LOCAL HOLDINGS (OCLC) | |
| Holding library | UCLB |
| 050 00 - LIBRARY OF CONGRESS CALL NUMBER | |
| Classification number | PZ7.H1164 |
| Item number | Alf 2006 |
| 082 00 - DEWEY DECIMAL CLASSIFICATION NUMBER | |
| Classification number | [Fic] |
| Edition number | 22 |
| 082 ## - DEWEY DECIMAL CLASSIFICATION NUMBER | |
| Classification number | HADDIX |
| 092 ## - LOCALLY ASSIGNED DEWEY CALL NUMBER (OCLC) | |
| Classification number | HADDIX |
| 100 1# - MAIN ENTRY--PERSONAL NAME | |
| Personal name | Haddix, Margaret Peterson. |
| 9 (RLIN) | 42560 |
| 245 10 - TITLE STATEMENT | |
| Title | Among the free / |
| Statement of responsibility, etc | Margaret Peterson Haddix. |
| 250 ## - EDITION STATEMENT | |
| Edition statement | 1st ed. |
| 260 ## - PUBLICATION, DISTRIBUTION, ETC. (IMPRINT) | |
| Place of publication, distribution, etc | New York : |
| Name of publisher, distributor, etc | Simon & Schuster Books for Young Readers, |
| Date of publication, distribution, etc | 2006. |
| 263 ## - PROJECTED PUBLICATION DATE | |
| Projected publication date | 0606 |
| 300 ## - PHYSICAL DESCRIPTION | |
| Extent | 194 p. ; |
| Dimensions | 22 cm. |
| 490 1# - SERIES STATEMENT | |
| Series statement | A shadow children book |
| 520 ## - SUMMARY, ETC. | |
| Summary, etc | When thirteen-year-old Luke Garner unwittingly sets off a rebellion which sweeps the country and ousts the Population Police from power, he quickly realizes that the new regime is corrupt and he may hold the only key to true freedom. |
| 650 #1 - SUBJECT ADDED ENTRY--TOPICAL TERM | |
| Topical term or geographic name as entry element | Freedom |
| Form subdivision | Fiction. |
| 9 (RLIN) | 5678494 |
| 650 #1 - SUBJECT ADDED ENTRY--TOPICAL TERM | |
| Topical term or geographic name as entry element | Conduct of life |
| Form subdivision | Fiction. |
| 9 (RLIN) | 5675198 |
| 650 #0 - SUBJECT ADDED ENTRY--TOPICAL TERM | |
| Topical term or geographic name as entry element | Science fiction. |
| 9 (RLIN) | 6102857 |
| 830 #0 - SERIES ADDED ENTRY--UNIFORM TITLE | |
| Uniform title | Shadow children book. |
| 9 (RLIN) | 53099 |
| 856 42 - ELECTRONIC LOCATION AND ACCESS | |
| Materials specified | Publisher description |
| Uniform Resource Identifier | <a href="http://www.loc.gov/catdir/enhancements/fy0631/2005013025-d.html">http://www.loc.gov/catdir/enhancements/fy0631/2005013025-d.html</a> |
| 938 ## - | |
| -- | Baker & Taylor |
| -- | BKTY |
| -- | 16.95 |
| -- | 12.71 |
| -- | 0689857985 |
| -- | 0006470386 |
| -- | active |
| 942 ## - ADDED ENTRY ELEMENTS (KOHA) | |
| Koha item type | BOOK |
| 994 ## - | |
| -- | C0 |
| -- | UINTA |
| 979 ## - | |
| -- | 293959 |
| 998 ## - LOCAL CONTROL INFORMATION (RLIN) | |
| -- | a18085 |
| Withdrawn status | Lost status | Source of classification or shelving scheme | Damaged status | Not for loan | Collection code | Home library | Current library | Shelving location | Date acquired | Source of acquisition | Serial Enumeration / chronology | Total Checkouts | Total Renewals | Full call number | Barcode | Checked out | Date last seen | Date checked out | Cost, replacement price | Price effective from | Koha item type |
|---|---|---|---|---|---|---|---|---|---|---|---|---|---|---|---|---|---|---|---|---|---|
| Long Overdue (Lost) | Dewey Decimal Classification | Junior Fiction | Wasatch County Library | Wasatch County Library | Main Floor Junior Area | 11/08/2022 | Micromarketing | #7 Shadow Children | 1 | 2 | J Haddix | 34301001869017 | 12/19/2023 | 10/20/2023 | 10/20/2023 | 18.99 | 11/08/2022 | BOOK | |||
| Dewey Decimal Classification | Junior Fiction | Wasatch County Library | Wasatch County Library | Main Floor Junior Area | 08/13/2025 | Amazon | #7 Shadow Children | 1 | 2 | J Haddix | 34301002164103 | 10/24/2025 | 08/25/2025 | 7.99 | 08/13/2025 | BOOK |
